Fundamentos de óptica / (Record no. 133070)

MARC details
000 -LEADER
campo de control de longitud fija 00607nam a2200193 i 4500
001 - NÚMERO DE CONTROL
campo de control 133070
003 - IDENTIFICADOR DE NÚMERO DE CONTROL
campo de control ES-MaACL
005 - FECHA Y HORA DE LA ÚLTIMA TRANSACCIÓN
campo de control 20230906194322.0
007 - CAMPO FIJO DE DESCRIPCIÓN FÍSICA--INFORMACIÓN GENERAL
campo de control de longitud fija t|
008 - DATOS DE LONGITUD FIJA--INFORMACIÓN GENERAL
campo de control de longitud fija 070214s1966 sp r ||||1| spa d
100 1# - ENTRADA PRINCIPAL--NOMBRE DE PERSONA
Nombre de persona Rossi, Bruno.
9 (RLIN) 99863
245 10 - MENCIÓN DEL TÍTULO
Título Fundamentos de óptica /
Mención de responsabilidad, etc. Bruno Rossi ; versión de Enrique A. D'Alessio ; revisada por Juan T. D'Alessio.
260 ## - PUBLICACIÓN, DISTRIBUCIÓN, ETC.
Lugar de publicación, distribución, etc. Barcelona :
Nombre del editor, distribuidor, etc. Reverté,
Fecha de publicación, distribución, etc. 1966.
300 ## - DESCRIPCIÓN FÍSICA
Extensión 488 p. :
Otras características físicas il. ;
Dimensiones 22 cm.
650 04 - PUNTO DE ACCESO ADICIONAL DE MATERIA--TÉRMINO DE MATERIA
Término de materia o nombre geográfico como elemento de entrada Optica.
9 (RLIN) 15726
700 1# - ENTRADA AGREGADA--NOMBRE PERSONAL
Nombre de persona D'Alessio, Enrique A.
9 (RLIN) 42336
700 1# - ENTRADA AGREGADA--NOMBRE PERSONAL
Nombre de persona D'Alessio, Juan T.
9 (RLIN) 42337
852 ## - LOCALIZACIÓN
Ubicación ES-MaACL
Número de control de estantería C-30279
Sublocalización o colección R.60777
Holdings
Estatus retirado Estado de pérdida Estado de daño No para préstamo Biblioteca de origen Biblioteca actual Ubicación en estantería Fecha de adquisición Fuente de adquisición Total de préstamos Signatura topográfica completa Código de barras Visto por última vez Precio de reemplazo Tipo de ítem Koha
        Biblioteca del Ateneo de Madrid Biblioteca del Ateneo de Madrid Depósito 2 17/01/2008     C-30279 1138534 23/02/2023 23/02/2023 Libro impreso